00576nam a2200205 a 450000100060000000300090000600800410001502000150005604000280007108200140009910000300011324500240014326000310016730000110019859000490020965000510025865000320030994200120034199900170035316201CO-ViMGA141112s2004 ck r 000 u spa d a9580470170 aCO-ViMGAbspacCO-ViMGA a920 G172v1 aGarcía Marquez, Gabriel10aVivir para contarla aBogotá : bNorma, c2002 a579.p. aForma de adquisición : Premio - Mincultura14aGARCIA MARQUEZ, GABRIEL 1928 - BIOGRAFIA9417114aLITERATURA COLOMBIANA91068 2ddccBK c11526d11526